000 00371nam a2200157Ia 4500
008 210716s2010 xx 000 0 und d
020 _a9788174468727
041 _aeng
082 _a658.8 DUTB
100 _aDutta, Bholanath.
245 _aMarketing management.
250 _a2
260 _aNew Delhi
_bExcel Books
_c2010
300 _axi,531
650 _aMarketing
999 _c205459
_d205459